000 00680nam a2200217Ia 4500
005 20230315121802.0
008 140110s9999 xx 000 0 und d
020 _a9780754662952
_cRs.4164.00
040 _aLoreto College
041 _aEnglish
082 _a822.33
_bSHA-SAB
245 _aShakespeare and the eighteenth century
_cEdited by Peter Sabor and Paul Yachnin
260 _aAldershot, Hampshire, UK
_bAshgate Publishing Limited
_c2008
300 _ax,189p.
504 _aIncludes bibliographical references and index
650 _aShakespeare, William, 1564-1616
651 _aDrama in English
700 _aSabor, Peter., ed.
850 _aLCLIB
942 _cBK
999 _c37138
_d87617